[Event "RUS-ch Seniors"]
[Site "Odintsovo"]
[Date "2011.04.26"]
[Round "8"]
[White "Nikitinyh, Boris Aleksandrovic"]
[Black "Kanygin, Nikolai N"]
[Result "1-0"]
[WhiteElo "2246"]
[BlackElo "2056"]
[PlyCount "120"]
[EventDate "2011.04.19"]
[EventType "swiss"]
[EventRounds "9"]
[EventCountry "RUS"]
[SourceTitle "CBM 142 Extra"]
[Source "ChessBase"]
[SourceDate "2011.06.27"]
[SourceVersion "1"]
[SourceVersionDate "2011.06.27"]
[SourceQuality "1"]

1. e4 g6 2. d4 Bg7 3. f4 d6 4. Nf3 c6 5. Bd3 h5 6. 0-0 Nh6 7. h3 Qb6 8. c3 d5 9. Nbd2 dxe4 10. Nxe4 Bf5 11. Qe2 0-0 12. Be3 Qc7 13. Rae1 Nd7 14. Ne5 Nf6 15. Ng5 Bxd3 16. Qxd3 Nf5 17. Bd2 h4 18. Qf3 Qd6 19. Nc4 Qc7 20. Ne3 Nxe3 21. Qxe3 Nd5 22. Qf2 e6 23. Qxh4 Rfe8 24. Rf2 b5 25. Rfe2 Qd7 26. Kh1 Nf6 27. Ne4 Nxe4 28. Rxe4 c5 29. Qf2 c4 30. Qf3 Rec8 31. R4e2 Qc6 32. Qxc6 Rxc6 33. a3 a5 34. g3 Rd6 35. Kg2 Raa6 36. Kf3 f5 37. Be3 a4 38. Bf2 Kf7 39. g4 Bf6 40. Rh1 Ra8 41. Bg3 Rh8 42. h4 fxg4+ 43. Kxg4 Rd5 44. Rhe1 Re8 45. Rh1 Rh8 46. Reh2 Rdh5 47. Bf2 Rd8 48. Be3 Rdh8 49. Bf2 Rd8 50. Kf3 Rdh8 51. Ke4 Rd8 52. Rg2 Rdh8 53. Rg4 Rg8 54. Rhg1 Rg7 55. Bg3 Rg8 56. Rg5 Bxg5 57. fxg5 Rf8 58. Bd6 Rxh4+ 59. Ke5 Re8 60. d5 exd5+ 1-0

[Event "RUS-ch Seniors"]
[Site "Odintsovo"]
[Date "2011.04.25"]
[Round "7"]
[White "Kanygin, Nikolai N"]
[Black "Goncharov, Ivan I"]
[Result "1/2-1/2"]
[WhiteElo "2056"]
[BlackElo "2263"]
[PlyCount "72"]
[EventDate "2011.04.19"]
[EventType "swiss"]
[EventRounds "9"]
[EventCountry "RUS"]
[SourceTitle "CBM 142 Extra"]
[Source "ChessBase"]
[SourceDate "2011.06.27"]
[SourceVersion "1"]
[SourceVersionDate "2011.06.27"]
[SourceQuality "1"]

1. d4 c5 2. c3 e6 3. Nf3 d5 4. g3 Nc6 5. Bg2 Nf6 6. 0-0 b6 7. Bg5 Be7 8. Bxf6 Bxf6 9. Qa4 Bd7 10. Qd1 0-0 11. e3 Rb8 12. Nbd2 h6 13. Rb1 Qe7 14. a3 a5 15. Re1 Rfc8 16. Nf1 Qf8 17. N3d2 cxd4 18. exd4 Qd6 19. Nf3 b5 20. Ne3 Be8 21. Ng4 Be7 22. Nge5 Nxe5 23. Nxe5 b4 24. axb4 axb4 25. Rc1 bxc3 26. bxc3 Bf6 27. Bf1 Rd8 28. Bd3 Bb5 29. Bb1 Bxe5 30. dxe5 Qa3 31. Qc2 g6 32. h4 Qe7 33. h5 Qg5 34. hxg6 fxg6 35. Qxg6+ Qxg6 36. Bxg6 Rdc8 1/2-1/2

[Event "RUS-ch Seniors"]
[Site "Odintsovo"]
[Date "2011.04.21"]
[Round "3"]
[White "Kanygin, Nikolai N"]
[Black "Beznosikov, Vladimir"]
[Result "0-1"]
[WhiteElo "2056"]
[BlackElo "2323"]
[PlyCount "86"]
[EventDate "2011.04.19"]
[EventType "swiss"]
[EventRounds "9"]
[EventCountry "RUS"]
[SourceTitle "CBM 142 Extra"]
[Source "ChessBase"]
[SourceDate "2011.06.27"]
[SourceVersion "1"]
[SourceVersionDate "2011.06.27"]
[SourceQuality "1"]

1. d4 Nf6 2. Nf3 g6 3. c4 d5 4. Nc3 Bg7 5. Bd2 0-0 6. cxd5 Nxd5 7. e4 Nb6 8. Be3 Bg4 9. Qd2 Nc6 10. Rd1 e5 11. d5 Bxf3 12. gxf3 Nd4 13. Be2 c6 14. dxc6 bxc6 15. Kf1 f5 16. Bg5 Qc7 17. Bh6 fxe4 18. Bxg7 Kxg7 19. fxe4 Rf4 20. h3 Raf8 21. Rh2 Qf7 22. Qe3 Nc4 23. Bxc4 Qxc4+ 24. Qd3 Qf7 25. Qg3 Nf3 26. Rh1 Qc4+ 27. Kg2 Nh4+ 28. Kg1 Qb4 29. Ne2 Rxe4 30. Qd3 Qc5 31. Rf1 Rb4 32. b3 Rb7 33. Qe3 Qd5 34. Rh2 Nf3+ 35. Kg2 Nxh2+ 36. Kxh2 Rf3 37. Qc1 Rbf7 38. Kg1 Rxh3 39. Ng3 Rf3 40. Qg5 h6 41. Qe7+ Rf7 42. Qe8 Rxg3+ 43. fxg3 Qd4+ 0-1

[Event "RUS-ch Seniors"]
[Site "Lesnoj Gorodok"]
[Date "2009.10.06"]
[Round "4"]
[White "Kanygin, Nikolai N"]
[Black "Gavrilenko, Viktor"]
[Result "0-1"]
[WhiteElo "2043"]
[BlackElo "1965"]
[PlyCount "120"]
[EventDate "2009.10.03"]
[EventType "swiss"]
[EventRounds "9"]
[EventCountry "RUS"]
[SourceTitle "CBM 132 Extra"]
[Source "ChessBase"]
[SourceDate "2009.11.03"]
[SourceVersion "1"]
[SourceVersionDate "2009.11.03"]
[SourceQuality "1"]

1. d4 Nf6 2. Nf3 b6 3. g3 Bb7 4. Bg2 g6 5. c4 d6 6. Nc3 Bg7 7. 0-0 0-0 8. d5 Nbd7 9. Bg5 Rb8 10. Qd2 Nc5 11. Nd4 Qd7 12. h3 e5 13. Nc6 Bxc6 14. dxc6 Qe8 15. Bxf6 Bxf6 16. Nb5 Bd8 17. Nxa7 Ne6 18. e3 f5 19. Bd5 Kg7 20. Bxe6 Qxe6 21. Qd5 Qf6 22. Nb5 Qg5 23. Kh2 Qe7 24. a4 Ra8 25. b4 h5 26. a5 bxa5 27. Rxa5 Rc8 28. Ra7 Rf7 29. Ra3 h4 30. Rg1 hxg3+ 31. fxg3 Qg5 32. c5 Qh5 33. Rg2 dxc5 34. Qxc5 Bf6 35. Qc4 Rh8 36. h4 Qf3 37. e4 Qg4 38. Qe2 Qxe2 39. Rxe2 f4 40. Rd3 fxg3+ 41. Kxg3 Bxh4+ 42. Kg2 Rb8 43. Rd5 Kf6 44. Kh3 Bg5 45. Kg4 Bf4 46. Ra2 Rb6 47. Rc2 g5 48. Rc4 Rh7 49. Kf3 Rb8 50. Nd6 g4+ 51. Kg2 Ra8 52. Ra5 Rh2+ 53. Kf1 Rah8 54. Nf5 Rh1+ 55. Ke2 g3 56. Nxg3 Bxg3 57. Rc3 Bf4 58. Kd3 R8h3+ 59. Kc4 Rxc3+ 60. Kxc3 Rc1+ 0-1

[Event "Moscow op-A"]
[Site "Moscow"]
[Date "2009.02.04"]
[Round "5"]
[White "Stoletov, Gennadi"]
[Black "Kanygin, Nikolai N"]
[Result "1-0"]
[WhiteElo "2306"]
[BlackElo "2106"]
[PlyCount "37"]
[EventDate "2009.01.31"]
[EventType "swiss"]
[EventRounds "9"]
[EventCountry "RUS"]
[SourceTitle "EXT 2022"]
[Source "ChessBase"]
[SourceDate "2021.10.06"]
[SourceVersion "1"]
[SourceVersionDate "2021.10.06"]
[SourceQuality "1"]

1. e4 c5 2. c4 Nc6 3. Nc3 g6 4. g3 Bg7 5. Bg2 d6 6. d3 e5 7. Nge2 Nge7 8. 0-0 Be6 9. a3 Qd7 10. Nd5 Nd4 11. Nxd4 exd4 12. Nxe7 Kxe7 13. b4 Bh3 14. f4 Bxg2 15. Kxg2 f5 16. exf5 gxf5 17. Re1+ Kf6 18. Bd2 Rae8 19. Qh5 1-0

[Event "Moscow op-A"]
[Site "Moscow"]
[Date "2009.02.03"]
[Round "4"]
[White "Kanygin, Nikolai N"]
[Black "Kovalev, Vladislav"]
[Result "0-1"]
[WhiteElo "2106"]
[BlackElo "2023"]
[PlyCount "60"]
[EventDate "2009.01.31"]
[EventType "swiss"]
[EventRounds "9"]
[EventCountry "RUS"]
[SourceTitle "EXT 2022"]
[Source "ChessBase"]
[SourceDate "2021.10.06"]
[SourceVersion "1"]
[SourceVersionDate "2021.10.06"]
[SourceQuality "1"]

1. d4 Nf6 2. Nf3 g6 3. e3 Bg7 4. Bd3 0-0 5. 0-0 d6 6. h3 Re8 7. Re1 e5 8. dxe5 dxe5 9. e4 c6 10. Be3 Qc7 11. c3 h6 12. Qc2 Be6 13. Nbd2 Nbd7 14. Bc4 Bxc4 15. Nxc4 b5 16. Ncd2 a5 17. b3 Nh5 18. c4 b4 19. Rad1 Nf4 20. Nf1 Ne6 21. Qd2 Ndc5 22. Bxc5 Nxc5 23. Qd6 Qxd6 24. Rxd6 Rac8 25. Ng3 Bf8 26. Rd2 a4 27. Rb1 axb3 28. axb3 Ra8 29. Re1 h5 30. Nf1 h4 0-1

[Event "Moscow op-A"]
[Site "Moscow"]
[Date "2009.01.31"]
[Round "1"]
[White "Biryukov, Mikhail"]
[Black "Kanygin, Nikolai N"]
[Result "1/2-1/2"]
[WhiteElo "2257"]
[BlackElo "2106"]
[PlyCount "42"]
[EventDate "2009.01.31"]
[EventType "swiss"]
[EventRounds "9"]
[EventCountry "RUS"]
[SourceTitle "EXT 2022"]
[Source "ChessBase"]
[SourceDate "2021.10.06"]
[SourceVersion "1"]
[SourceVersionDate "2021.10.06"]
[SourceQuality "1"]

1. e4 c5 2. Nf3 Nc6 3. d4 cxd4 4. Nxd4 e5 5. Nb5 a6 6. Nd6+ Bxd6 7. Qxd6 Qf6 8. Qxf6 Nxf6 9. Nc3 Nb4 10. Bd3 d5 11. Nxd5 Nfxd5 12. exd5 Nxd3+ 13. cxd3 Bf5 14. 0-0 0-0-0 15. d4 Rxd5 16. dxe5 Rxe5 17. Bf4 Rc5 18. Rac1 Rc6 19. Rxc6+ bxc6 20. Re1 Kd7 21. Rd1+ Ke7 1/2-1/2

[Event "RUS-ch Seniors"]
[Site "Odintsovo"]
[Date "2008.10.10"]
[Round "8"]
[White "Bobylev, Valentin"]
[Black "Kanygin, Nikolai N"]
[Result "1-0"]
[WhiteElo "2188"]
[BlackElo "2101"]
[PlyCount "95"]
[EventDate "2008.10.02"]
[EventType "swiss"]
[EventRounds "9"]
[EventCountry "RUS"]
[SourceTitle "CBM 127 Extra"]
[Source "ChessBase"]
[SourceDate "2009.01.08"]
[SourceVersion "2"]
[SourceVersionDate "2009.01.28"]
[SourceQuality "1"]

1. Nf3 c5 2. c4 Nc6 3. g3 e5 4. d3 d6 5. Bg2 g6 6. 0-0 Bg7 7. Nc3 Nge7 8. e4 0-0 9. Bg5 h6 10. Bd2 Kh7 11. a3 a5 12. Rb1 Bg4 13. Ng5+ hxg5 14. Qxg4 f6 15. Bh3 Qc8 16. Qxc8 Nxc8 17. f4 gxf4 18. gxf4 Bh6 19. Rf2 N8e7 20. Rbf1 Bxf4 21. Bxf4 exf4 22. Rxf4 Kg7 23. Nb5 Rad8 24. Rd1 g5 25. Rf2 Ng6 26. d4 Nf4 27. Bf5 Rh8 28. Kf1 Kf7 29. Rdd2 cxd4 30. Nxd4 Nxd4 31. Rxd4 Ke7 32. Rfd2 b6 33. b4 axb4 34. axb4 Nh5 35. R4d3 Nf4 36. Rd4 Rhg8 37. Ke1 Rh8 38. Kd1 Ne6 39. R4d3 Nc7 40. Kc2 b5 41. c5 dxc5 42. Rd7+ Rxd7 43. Rxd7+ Ke8 44. Rxc7 Rxh2+ 45. Kc3 cxb4+ 46. Kxb4 Rb2+ 47. Ka3 Re2 48. Kb4 1-0

[Event "RUS-ch Seniors"]
[Site "Odintsovo"]
[Date "2008.10.07"]
[Round "5"]
[White "Kanygin, Nikolai N"]
[Black "Sambursky, Vladimir"]
[Result "1/2-1/2"]
[WhiteElo "2101"]
[BlackElo "2272"]
[PlyCount "115"]
[EventDate "2008.10.02"]
[EventType "swiss"]
[EventRounds "9"]
[EventCountry "RUS"]
[SourceTitle "CBM 127 Extra"]
[Source "ChessBase"]
[SourceDate "2009.01.08"]
[SourceVersion "2"]
[SourceVersionDate "2009.01.28"]
[SourceQuality "1"]

1. d4 d5 2. Nf3 c6 3. c3 Bf5 4. Bf4 Nd7 5. Nbd2 e6 6. e3 Be7 7. h3 Qb6 8. Qb3 a5 9. a4 Ngf6 10. Qxb6 Nxb6 11. Ne5 h6 12. Be2 Ne4 13. f3 Bh4+ 14. g3 Nxg3 15. Bxg3 Bxg3+ 16. Kf1 f6 17. Nd3 Bd6 18. Nf2 Ke7 19. Bd3 Bxd3+ 20. Nxd3 g5 21. b3 Nd7 22. Ke2 b6 23. h4 c5 24. c4 Rag8 25. Raf1 h5 26. Nb1 Bg3 27. hxg5 fxg5 28. Nc3 dxc4 29. bxc4 Bd6 30. d5 Ne5 31. Nxe5 Bxe5 32. Kd3 g4 33. fxg4 hxg4 34. Rxh8 Rxh8 35. Rg1 g3 36. Ne2 Rh2 37. dxe6 Kxe6 38. Nf4+ Kf5 39. Rxg3 Ra2 40. Rg8 Ra3+ 41. Kd2 Bxf4 42. Rf8+ Ke6 43. Rxf4 Rxa4 44. Rh4 Rb4 45. Kd3 a4 46. Rh6+ Kd7 47. Rh7+ Kc6 48. Rh6+ Kb7 49. Rh7+ Ka6 50. Rh8 b5 51. cxb5+ Kxb5 52. Rb8+ Kc6 53. Rc8+ Kd6 54. Rd8+ Kc7 55. Ra8 Kb7 56. Ra5 Kb6 57. Ra8 Rb3+ 58. Kc4 1/2-1/2

[Event "RUS-ch Seniors"]
[Site "Odintsovo"]
[Date "2008.10.02"]
[Round "1"]
[White "Martynov, Vladimir"]
[Black "Kanygin, Nikolai N"]
[Result "1/2-1/2"]
[WhiteElo "2134"]
[BlackElo "2101"]
[PlyCount "64"]
[EventDate "2008.10.02"]
[EventType "swiss"]
[EventRounds "9"]
[EventCountry "RUS"]
[SourceTitle "CBM 127 Extra"]
[Source "ChessBase"]
[SourceDate "2009.01.08"]
[SourceVersion "2"]
[SourceVersionDate "2009.01.28"]
[SourceQuality "1"]

1. e4 c5 2. Nf3 Nc6 3. d4 cxd4 4. Nxd4 Nf6 5. Nc3 e5 6. Nb3 Bb4 7. Bc4 h6 8. 0-0 0-0 9. Qe2 d6 10. Rd1 Qe7 11. f3 Rd8 12. Nd5 Nxd5 13. Bxd5 Bc5+ 14. Nxc5 dxc5 15. c3 Be6 16. Be3 Rac8 17. Bxe6 fxe6 18. Rxd8+ Rxd8 19. Qb5 a6 20. Qxc5 Qxc5 21. Bxc5 Rd2 22. Rb1 b5 23. h4 Na5 24. h5 Kf7 25. Bf2 g5 26. hxg6+ Kxg6 27. Bg3 Nc4 28. b3 Ne3 29. Bxe5 Nxg2 30. Bg3 Rxa2 31. c4 bxc4 32. bxc4 Ne3 1/2-1/2

[Event "Moscow op-B 04th"]
[Site "Moscow"]
[Date "2008.02.07"]
[Round "6"]
[White "Matyushin, Lev"]
[Black "Kanygin, Nikolai N"]
[Result "0-1"]
[WhiteElo "1898"]
[BlackElo "2120"]
[PlyCount "116"]
[EventDate "2008.02.02"]
[EventType "swiss"]
[EventRounds "9"]
[EventCountry "RUS"]
[SourceTitle "CBM 122 Extra"]
[Source "ChessBase"]
[SourceDate "2008.03.04"]
[SourceVersion "1"]
[SourceVersionDate "2008.03.04"]
[SourceQuality "1"]

1. d4 Nf6 2. c4 e6 3. Nc3 Bb4 4. Bd2 0-0 5. a3 Bxc3 6. Bxc3 Ne4 7. Bb4 Re8 8. Qd3 f5 9. Nf3 a5 10. Bd2 Nxd2 11. Qxd2 d6 12. e3 Nd7 13. Bd3 Nf6 14. h3 b6 15. 0-0-0 Bb7 16. d5 Ne4 17. Qc2 exd5 18. Rhe1 dxc4 19. Bxc4+ d5 20. h4 c6 21. Ba2 Qf6 22. g3 b5 23. Ng5 b4 24. a4 h6 25. Nxe4 fxe4 26. Bb3 Ba6 27. Qd2 Kh8 28. Kb1 Bd3+ 29. Ka2 Red8 30. Rc1 Qf8 31. Rxc6 d4 32. exd4 Rxd4 33. Qe3 Rd6 34. Rec1 Rf6 35. Rxf6 Qxf6 36. Rc5 Rf8 37. f4 Qb6 38. Qc1 Rd8 39. Rc6 Qd4 40. f5 e3 41. Re6 Bxf5 42. Rxe3 Be4 43. Qe1 Bd5 44. Re8+ Rxe8 45. Qxe8+ Kh7 46. Qe1 Bxb3+ 47. Kxb3 Qd3+ 48. Ka2 Qc4+ 49. Ka1 b3 50. Qb1+ Kh8 51. Qd1 Qxa4+ 52. Kb1 Qa2+ 53. Kc1 Qa1+ 54. Kd2 Qxb2+ 55. Ke1 Qe5+ 56. Kd2 Qd4+ 57. Ke1 Qxd1+ 58. Kxd1 a4 0-1

[Event "RUS-ch Seniors"]
[Site "Zvenigorod"]
[Date "2005.12.04"]
[Round "7"]
[White "Kanygin, Nikolai N"]
[Black "Sokolov, Yury"]
[Result "1/2-1/2"]
[WhiteElo "2187"]
[BlackElo "2016"]
[PlyCount "31"]
[EventDate "2005.11.28"]
[EventType "swiss"]
[EventRounds "7"]
[EventCountry "RUS"]
[SourceTitle "EXT 2007"]
[Source "ChessBase"]
[SourceDate "2006.11.23"]
[SourceVersion "1"]
[SourceVersionDate "2006.11.23"]
[SourceQuality "1"]

1. d4 Nf6 2. Nf3 e6 3. c4 d5 4. Nc3 Bb4 5. Bg5 Nbd7 6. e3 b6 7. cxd5 exd5 8. Qb3 Bxc3+ 9. Qxc3 Bb7 10. Bb5 0-0 11. Bxd7 Qxd7 12. Bxf6 gxf6 13. 0-0 Kh8 14. Rfc1 Rae8 15. b4 Rg8 16. Qd3 1/2-1/2

[Event "RUS-ch Seniors"]
[Site "Zvenigorod"]
[Date "2005.12.01"]
[Round "4"]
[White "Zhelnin, Yury"]
[Black "Kanygin, Nikolai N"]
[Result "1/2-1/2"]
[WhiteElo "2360"]
[BlackElo "2187"]
[PlyCount "47"]
[EventDate "2005.11.28"]
[EventType "swiss"]
[EventRounds "7"]
[EventCountry "RUS"]
[SourceTitle "EXT 2007"]
[Source "ChessBase"]
[SourceDate "2006.11.23"]
[SourceVersion "1"]
[SourceVersionDate "2006.11.23"]
[SourceQuality "1"]

1. e4 c5 2. Nc3 Nc6 3. g3 g6 4. Bg2 Bg7 5. d3 d6 6. Nge2 Rb8 7. a4 e6 8. h4 h5 9. Bg5 Nge7 10. 0-0 a6 11. Qd2 Qa5 12. Rfc1 Nd4 13. Nxd4 cxd4 14. Ne2 Qxd2 15. Bxd2 Nc6 16. c3 Bd7 17. cxd4 Nxd4 18. Nxd4 Bxd4 19. Bc3 Bxc3 20. bxc3 b6 21. a5 Ke7 22. Kf1 Rhc8 23. Ke2 e5 24. Ke3 1/2-1/2

[Event "RUS-ch Seniors"]
[Site "Tula"]
[Date "2004.05.14"]
[Round "5"]
[White "Kanygin, Nikolai N"]
[Black "Zhukov, Viktor Andreevich"]
[Result "1-0"]
[WhiteElo "2148"]
[BlackElo "2219"]
[PlyCount "99"]
[EventDate "2004.05.??"]
[EventType "swiss"]
[EventRounds "9"]
[EventCountry "RUS"]
[SourceTitle "EXT 2005"]
[Source "ChessBase"]
[SourceDate "2004.11.15"]
[SourceVersion "1"]
[SourceVersionDate "2004.11.15"]
[SourceQuality "1"]

1. d4 Nf6 2. c4 g6 3. Nc3 Bg7 4. e4 0-0 5. Bd3 d6 6. Nge2 Nc6 7. h3 e5 8. d5 Nb4 9. Bb1 a5 10. a3 Na6 11. Bc2 Ne8 12. g4 Qh4 13. Ng3 Bh6 14. Bxh6 Qxh6 15. Qd2 Qxd2+ 16. Kxd2 Ng7 17. Rag1 Kh8 18. Ke3 Bd7 19. Rf1 Rae8 20. f4 exf4+ 21. Rxf4 f5 22. gxf5 Nxf5+ 23. Nxf5 Rxf5 24. Rxf5 Bxf5 25. Kf4 Bd7 26. h4 Re5 27. Bd1 Nc5 28. Rh2 Kg7 29. Rg2 Kf6 30. b4 axb4 31. axb4 Na6 32. Ke3 Bc8 33. Rf2+ Kg7 34. c5 Nxb4 35. cxd6 cxd6 36. Kd4 Re8 37. Rb2 Na6 38. Rb6 Nc5 39. Rxd6 Nd7 40. Ba4 Re7 41. Bxd7 Rxd7 42. Rb6 Rf7 43. Nb5 Rf1 44. Nd6 Bh3 45. Rxb7+ Kg8 46. Ke5 h6 47. Ne8 Kf8 48. Nf6 Rh1 49. Kd6 h5 50. e5 1-0

[Event "RUS-ch Seniors"]
[Site "Tula"]
[Date "2004.05.11"]
[Round "2"]
[White "Kanygin, Nikolai N"]
[Black "Bobylev, Valentin"]
[Result "1/2-1/2"]
[WhiteElo "2148"]
[BlackElo "2263"]
[PlyCount "37"]
[EventDate "2004.05.??"]
[EventType "swiss"]
[EventRounds "9"]
[EventCountry "RUS"]
[SourceTitle "EXT 2005"]
[Source "ChessBase"]
[SourceDate "2004.11.15"]
[SourceVersion "1"]
[SourceVersionDate "2004.11.15"]
[SourceQuality "1"]

1. d4 Nf6 2. c4 e6 3. Nf3 c5 4. e3 d5 5. cxd5 exd5 6. Bb5+ Bd7 7. Bxd7+ Nbxd7 8. 0-0 Bd6 9. dxc5 Nxc5 10. b3 Qe7 11. Bb2 Rd8 12. Nc3 0-0 13. Qd4 b6 14. Ne2 Qe4 15. Rfd1 Ne6 16. Qd3 Nc5 17. Qd4 Ne6 18. Qd3 Nc5 19. Qd4 1/2-1/2